000 00577nam a2200181 a 4500
001 000022482
005 20200930021632.0
008 101012s2001 sp a 000 0 spa d
020 _z84755561225
040 _aDO-SdBNP
_bspa
_cBNPHU
082 _a128.2
_bC334m
100 1 _aCasacuberta Sevilla, David
_946326
245 1 3 _aLa mente humana :
_bcinco enigmas y cien preguntas /
_cDavid Casacuberta Sevilla.
260 _aBarcelona :
_bOcéano,
_c2001.
300 _a222 p. :
_bil. ;
_c23 cm.
650 4 _aFilosofía de la mente
_xConciencia (psicología)
_946327
049 _aBNPD
999 _c21980
_d21980